000 00712nam a2200241 a 4500
001 BRCA_5585
005 20190320205136.0
008 210211s1945----mx-a######---#000-0#spa-#
041 _aspa
044 _amx
050 4 _aSB466
_b.R66 1945
100 1 _aRomero de Terreros y Vinent, Manuel
_cMarqués de San Francisco
_d1880-1968
_9903
245 1 0 _aLos jardines de la Nueva España
_cManuel Romero de Terreros.
250 _a2
260 _aMéxico
_bJosé Porrúa
_c1945
300 _a31 p.
_bil., 22 láminas
_c24 cm.
500 _aIncluye una reseña en inglés
500 _aEstado físico: camisa maltratada
500 _aF60
650 1 4 _aJardines
_zMéxico
_93152
902 _aGFM
942 _2lcc
_cB
999 _c5279
_d5279